1823 1446 1736 1575 1222 1938 1258 1716 1732 1259 1358 1628 1669 1195 1615 1106 1315 1418 1373 1756 1884 1821 1058 1297 1489 1985 1324 1714 1681 1205 1736 1734 1863 1101 1145 1831 1552 1172 1189 1400 1026 1526 1998 1343 1148 1975 1860 1935 1860 1959 1894 1034 1441 1054 1676 1309 1840 1053 1073 1515 1945 1105 1197 1526 1076 1061 1273 1414 1303 1345 1925 1682 1489 1601 1131 1785 1606 1880 1931 1860 1889 1976 1017 1877 1859 1299 1877 1547 1716 1928 1264 1924 1602 1673 1208 1539 1454 1259 1905 BCNSPRNW ULIB Ver.6.0+V

เปลี่ยนเป็นภาษาไทย

Change to English
 แสดงรายละเอียดบรรณานุกรม
  กลับหน้าหลัก

Brief Record : Get Marc (ISO 2709) : E-mail record : QR code < ปิดหน้าต่าง
LEADER : 00000nam 2200000uu 4500
001    13399125013
003     ULIB
008    160529s2557||||th 000 0 tha d
020    ^a9781887521369
060 04 ^aWA110^bถ331ก
100 0  ^aถาวร มาต้น
245 10 ^aการป้องกันควบคุมโรคไม่ติดต่อเรื้อรังและรายงานวิจัยที่เกี่ยวข้อง =^bPrevention and Control of Chronic Non-communicable Diseases & Related Research /^cถาวร มาต้น
246 31 ^aPrevention and Control of Chronic Non-communicable Diseases & Related Research
250    ^aพิมพ์ครั้งที่ 1
260    ^aสุโขทัย :^bคณะสาธารณสุขศาสตร์ มหาวิทยาลัยรามคำแหง,^c2557
300    ^a159 หน้า :^bภาพประกอบ ;^c26 ซม.
650  7 ^aโรค^xการป้องกันและควบคุม
650  7 ^aโรคไม่ติดต่อ
650  7 ^aโรคเรื้อรัง
650  7 ^aความดันเลือดสูง^zไทย
650  7 ^aเบาหวาน ^zไทย
650  7 ^aหลอดเลือดสมอง^xโรค^zไทย
650  7 ^aโรคไม่ติดต่อ^xวิจัย
710 2  ^aมหาวิทยาลัยรามคำแหง. ^bคณะสาธารณสุขศาสตร์
945    ^p200^l0^i23747
999    ^aทศพร เกษรทอง
รายการนี้ยังไม่มีแท็ก
คุณยังไม่ได้ล็อกอิน คุณสามารถมีกิจกรรมร่วมกับเว็บไซต์ได้ แต่ต้องล็อกอินก่อน ::
  ล็อกอิน

รายการสื่อสารสนเทศ

ลำดับที่ ประเภท เลขเรียก/บาร์โค้ด สถานที่ สถานะ
1. วิทยาศาสตร์การแพทย์ และสุขภาพ
วิทยาศาสตร์การแพทย์ และสุขภาพ
สถานะ=หนังสือเก่า
WA110 ถ331ก ฉ.1 
  Barcode: 23747
ห้องสมุดวิทยาเขตนครสวรรค์
►ส่วนจัดเก็บหนังสือเก่า นว.
บนชั้น
  ขอยืม

รายการใกล้เคียง
    ผู้แต่ง [ถาวร มาต้น]

    หัวเรื่อง [โรคไม่ติดต่อ]
    หัวเรื่อง [โรคเรื้อรัง]

BibComment


ยังไม่เคยถูกคอมเมนท์

คอมเมนท์ทรัพยากรรายการนี้
  คอมเมนท์: การป้องกันควบคุม..


 Copyright 2026. Bcnsprnw @Library